[Event "FRA-ch Blitz Online Qual"]
[Site "Europe Echecs INT"]
[Date "2020.05.16"]
[Round "3"]
[White "Fischler, Oscar"]
[Black "Launay, Maxence"]
[Result "1-0"]
[WhiteElo "1864"]
[BlackElo "1084"]
[PlyCount "121"]
[EventDate "2020.05.16"]
[EventType "swiss (blitz)"]
[EventRounds "15"]
[EventCountry "FRA"]
[SourceTitle "CBM 196 Extra"]
[Source "ChessBase"]
[SourceDate "2020.07.31"]
[SourceVersion "1"]
[SourceVersionDate "2020.07.31"]
[SourceQuality "1"]

1. Nf3 d5 2. g3 Bf5 3. Bg2 Nc6 4. 0-0 e6 5. d3 Bg6 6. Nbd2 Be7 7. b3 Nf6 8. Bb2 0-0 9. h3 Nh5 10. Re1 Bf6 11. Bxf6 Qxf6 12. e4 dxe4 13. Nxe4 Bxe4 14. dxe4 Rfd8 15. Qe2 Qc3 16. Rad1 Nf6 17. e5 Nd5 18. Rd3 Qa5 19. a4 Ncb4 20. Rd2 Nc3 21. Qe3 Nbd5 22. Qd4 c5 23. Qh4 b5 24. axb5 Nxb5 25. c4 Nbc3 26. cxd5 Nxd5 27. Red1 Qb4 28. Qxb4 cxb4 29. Nh2 a5 30. Bxd5 exd5 31. Rxd5 Rxd5 32. Rxd5 g6 33. Rb5 a4 34. bxa4 Rxa4 35. Nf3 Ra1+ 36. Kg2 Rb1 37. Nd2 Rb2 38. Nc4 Rb1 39. Na5 Ra1 40. Nc6 Ra6 41. Nxb4 Re6 42. Nd5 Kg7 43. Nc7 Rc6 44. Ne8+ Kf8 45. Nd6 Ke7 46. Rb7+ Ke6 47. Nxf7 h5 48. Nd8+ Kxe5 49. Nxc6+ Kd6 50. Rg7 Kxc6 51. Rxg6+ Kd5 52. Rg5+ Ke6 53. Rxh5 Kf6 54. f4 Kg6 55. Rg5+ Kh6 56. h4 Kh7 57. f5 Kh6 58. f6 Kh7 59. f7 Kh6 60. f8Q+ Kh7 61. Qg7# 1-0

[Event "FRA-ch Blitz Online Qual"]
[Site "Europe Echecs INT"]
[Date "2020.05.16"]
[Round "5"]
[White "Mallevaey, Armand"]
[Black "Launay, Maxence"]
[Result "1/2-1/2"]
[WhiteElo "1773"]
[BlackElo "1084"]
[PlyCount "90"]
[EventDate "2020.05.16"]
[EventType "swiss (blitz)"]
[EventRounds "15"]
[EventCountry "FRA"]
[SourceTitle "CBM 196 Extra"]
[Source "ChessBase"]
[SourceDate "2020.07.31"]
[SourceVersion "1"]
[SourceVersionDate "2020.07.31"]
[SourceQuality "1"]

1. e4 d5 2. exd5 Nf6 3. Bb5+ c6 4. dxc6 Nxc6 5. Bxc6+ bxc6 6. Nc3 Bb7 7. Nf3 e6 8. 0-0 Bc5 9. d3 0-0 10. Bg5 Be7 11. Bf4 c5 12. Be5 Bd6 13. Bxd6 Qxd6 14. Re1 Ng4 15. h3 Bxf3 16. Qxf3 Ne5 17. Qg3 f6 18. Ne4 Qd5 19. Nxf6+ Rxf6 20. Rxe5 Qd6 21. Rg5 Qxg3 22. Rxg3 Rb8 23. b3 a5 24. Re1 Kf7 25. Re5 Rc8 26. Rg4 h6 27. f3 Rc6 28. Rc4 Rf5 29. Ree4 Ke7 30. Rg4 g5 31. Kf2 Kf6 32. Ra4 Ra6 33. Rgc4 Ke7 34. Re4 Kd6 35. g4 Rd5 36. Re2 Ke7 37. Rae4 Kf6 38. c4 Rxd3 39. Re5 Rc6 40. R5e4 Ra6 41. R4e3 Rd4 42. Re5 Rc6 43. R5e4 Rd3 44. R2e3 Rd2+ 45. Re2 Rd3 1/2-1/2

[Event "FRA-ch Blitz Online Qual"]
[Site "Europe Echecs INT"]
[Date "2020.05.16"]
[Round "8"]
[White "Mezouaghi, Miloud"]
[Black "Launay, Maxence"]
[Result "1-0"]
[WhiteElo "1999"]
[BlackElo "1084"]
[PlyCount "65"]
[EventDate "2020.05.16"]
[EventType "swiss (blitz)"]
[EventRounds "15"]
[EventCountry "FRA"]
[SourceTitle "CBM 196 Extra"]
[Source "ChessBase"]
[SourceDate "2020.07.31"]
[SourceVersion "1"]
[SourceVersionDate "2020.07.31"]
[SourceQuality "1"]

1. e4 d5 2. exd5 Nf6 3. d4 c6 4. dxc6 Nxc6 5. c3 Bf5 6. Nf3 e6 7. Be2 Bd6 8. 0-0 Qc7 9. Nbd2 Bg4 10. h3 Bh5 11. Nc4 Bxf3 12. Nxd6+ Qxd6 13. Bxf3 0-0 14. Bg5 Nd5 15. g3 f6 16. Bd2 Rfe8 17. Re1 Rad8 18. Qb3 b6 19. Rad1 e5 20. dxe5 fxe5 21. Bg5 Nce7 22. Bxe7 Rxe7 23. Rxd5 Qxd5 24. Bxd5+ Kf8 25. c4 g6 26. Qf3+ Kg7 27. Qg4 Rf8 28. Qg5 Rd7 29. Qxe5+ Kh6 30. h4 Rfd8 31. Qg5+ Kg7 32. Re7+ Kf8 33. Qf6# 1-0

[Event "FRA-ch Blitz Online Qual"]
[Site "Europe Echecs INT"]
[Date "2020.05.16"]
[Round "10"]
[White "Rouast, Joseph"]
[Black "Launay, Maxence"]
[Result "1-0"]
[WhiteElo "1808"]
[BlackElo "1084"]
[PlyCount "27"]
[EventDate "2020.05.16"]
[EventType "swiss (blitz)"]
[EventRounds "15"]
[EventCountry "FRA"]
[SourceTitle "CBM 196 Extra"]
[Source "ChessBase"]
[SourceDate "2020.07.31"]
[SourceVersion "1"]
[SourceVersionDate "2020.07.31"]
[SourceQuality "1"]

1. d4 d5 2. c4 e6 3. Nf3 Bd7 4. g3 Nf6 5. Bg2 a5 6. 0-0 Bb4 7. a3 Bd6 8. Nc3 b6 9. Qc2 0-0 10. e4 dxc4 11. e5 Bxe5 12. dxe5 Nd5 13. Ng5 Ra6 14. Qxh7# 1-0